| 000 | 00801cam a22002413a 4500 | ||
|---|---|---|---|
| 001 | 30531 | ||
| 003 | PGUSA | ||
| 005 | 20140828083647.0 | ||
| 008 | 091123s2009||||xxu|||||s|||||000 | eng d | ||
| 040 |
_aPGUSA _beng |
||
| 042 | _adc | ||
| 050 | 4 | _aBV | |
| 100 | 1 |
_aBates, Joseph, _d1792-1872 |
|
| 245 | 1 | 2 |
_aA Vindication of the Seventh-Day Sabbath and the Commandments of God : _bWith a Further History of God's Peculiar People from 1847-1848 _h[electronic resource] / _cJoseph Bates |
| 260 |
_bProject Gutenberg, _c2009 |
||
| 506 | _aPublic domain in the USA. | ||
| 516 | _aElectronic text | ||
| 653 | _aSeventh-Day Adventists -- Doctrinal and controversial works | ||
| 653 | _aSabbath | ||
| 830 | 0 |
_aProject Gutenberg _v30531 |
|
| 856 | 4 | 0 | _uhttp://www.gutenberg.org/ebooks/30531 |
| 942 | _cEB | ||
| 999 |
_c259786 _d259786 |
||